LEADER 01205nam a2200241 u 4500 001 000000011654 003 CaOOAMICUS 005 20070226105441.0 008 941125s1932 fr b u000 u fre u 035 $a10285651 040 $aPUL(R)$bita 100 1 $aHubert, Henri,$d1872-1927.$0(OLS)http://pul/name/6924 245 14$aLes Celtes depuis l'époque de La Tène et la civilisation celtique :$bavec 3 cartes hors texte /$cpar Henri Hubert. 260 $aParis :$bLe Renaissance du livre,$c1932. 300 $axvii, 368 p. :$b1 c. geogr. pieg. ;$c20 cm 490 1 $aL'évolution de l'humanité, synthèse collective, ;$v21 bis 650 4$aCelti$xStoria.$0(OLS)http://pul/subject/8841 830 0$aEvolution de l'humanité.$pSynthèse collective.$n1. section ;$v21 bis.$0(OLS)http://pul/title/8574 850 $aPUL 852 $aPUL$W1$xDP1 Fondo Cecchetti$y53$m269 B 13$j16459$nBK-PRI$b $qFondi$B16459$CPULBib$Z2$F16459 $HPUL2679 $81 941 1 $a1 996 $6245$aLes Celtes depuis l'époque de La Tène et la civilisation celtique :$bavec 3 cartes hors texte$9(OLS)http://pul/title/16872 996 $6260$aParis :$bLe Renaissance du livre$9(OLS)http://pul/publisher/53370 LEADER 01307nam a2200301 a 4500 001 000000174898 003 CaOOAMICUS 005 20220114104912.0 008 220114s2020 it u000 u ita r 020 $z978-88-7962-342-1* 032 $aLibriCat 040 $aPUL$bita 100 1 $aCacciotti, Alvaro,$cO.F.M.,$d1955-$0(OLS)http://pul/name/68549 245 13$aLa teologia mistica di Iacopone da Todi / $cAlvaro Cacciotti. 260 $aMilano :$bBiblioteca Francescana,$c©2020. 300 $a213 p. ; $c24 cm. 490 1 $aFonti e ricerche ;$v31 600 04$aJacopone,$cda Todi,$d1230-1306.$0(OLS)http://pul/subject/9518 650 4$aTeologia spirituale.$0(OLS)http://pul/subject/41013 650 4$aTeologia mistica.$0(OLS)http://pul/subject/1318 830 0$aFonti e ricerche (Edizioni Biblioteca Francescana) ;$v31.$0(OLS)http://pul/title/39470 850 $aPUL 852 $aPUL$W1$xSL Religione 3$y85$m248. 2 CACAL 1$j199204$qDDC 21$B203867$CPULBib$Z2$F203867 $H135330 $82 941 1 $a9 996 $6020$z978-88-7962-342-1*$9(OLS)http://pul/number/168434 996 $6245$aLa teologia mistica di Iacopone da Todi / $9(OLS)http://pul/title/216272 996 $6260$aMilano :$bBiblioteca Francescana$9(OLS)http://pul/publisher/68075